Loading...
| Science - Biology | 0 | 10 | 1 | 1 | 95 | 28 | 58.40 | 4 | 7 | 0.00 | 0.00 |
| Science - Chemistry | 0 | 7 | 1 | 0 | 65 | 16 | 54.29 | 2 | 5 | 0.00 | 0.00 |
| Science - Other | 0 | 6 | 0 | 3 | 60 | 24 | 73.50 | 1 | 3 | 0.00 | 0.00 |
| Science - Physics | 0 | 6 | 1 | 1 | 55 | 31 | 68.67 | 3 | 4 | 0.00 | 0.00 |
| Fine Arts - Classical Music | 0 | 3 | 0 | 0 | 30 | 55 | 68.67 | 0 | 3 | 0.00 | 0.00 |
| History - World | 0 | 3 | 0 | 0 | 30 | 15 | 60.00 | 0 | 1 | 0.00 | 0.00 |
| Social Science | 0 | 3 | 0 | 1 | 30 | 45 | 67.00 | 0 | 2 | 0.00 | 0.00 |
| History - Other | 0 | 2 | 0 | 1 | 20 | 47 | 78.00 | 0 | 0 | 0.00 | 0.00 |
| Literature - European | 0 | 2 | 0 | 0 | 20 | 42 | 64.00 | 1 | 2 | 0.00 | 0.00 |
| Mythology | 0 | 1 | 0 | 0 | 10 | 47 | 47.00 | 0 | 1 | 0.00 | 0.00 |
| Fine Arts - Other | 0 | 1 | 0 | 0 | 10 | 100 | 100.00 | 0 | 0 | 0.00 | 0.00 |
| Current Events | 0 | 1 | 0 | 0 | 10 | 65 | 65.00 | 0 | 0 | 0.00 | 0.00 |
| Popular Culture | 0 | 1 | 0 | 1 | 10 | 110 | 110.00 | 0 | 1 | 0.00 | 0.00 |
| Religion | 0 | 1 | 0 | 0 | 10 | 52 | 52.00 | 0 | 1 | 0.00 | 0.00 |
| History - American | 0 | 0 | 1 | 0 | -5 | 0.00 | 0 | 0 | 0.00 | 0.00 | |
| Fine Arts - Painting and Sculpture | 0 | 0 | 1 | 0 | -5 | 0.00 | 0 | 0 | 0.00 | 0.00 |